| 000 | 00960nam a2200229 u 4500 | ||
|---|---|---|---|
| 001 | 000317381 | ||
| 003 | AM-YeHGA | ||
| 005 | 20250618072021.0 | ||
| 008 | 040312s1970 ai r 000 0 arm d | ||
| 040 | _aAM-YeHGA | ||
| 041 | 0 | _aarm | |
| 080 | _aAp2 | ||
| 090 | _aԱ-70 | ||
| 100 | 1 |
_aԱռաքելյան, Երջանիկ Գեղամի, _d1918-1981 _91982 |
|
| 245 | 1 | 0 |
_aՇեկ Մինասն ու դիմակները : _b[Բանաստեղծություն] / _cԵ.Գ. Առաքելյան; Խմբ.՝ Հ.Հ. Դանիելյան; Նկ.՝ Խ.Հ. Գյուլամիրյան. |
| 260 |
_aԵրևան : _bՀայաստան, _c1970. |
||
| 300 |
_a[12] էջ : _bգունանկ. ; _c17 սմ. |
||
| 650 | 1 | 4 |
_aՀայ մանկական գրականություն _xԲանաստեղծություն |
| 700 | 1 |
_aԴանիելյան, Հ.Հ. _eխմբ. _4edt |
|
| 700 | 1 |
_aԳյուլամիրյան, Խաչատուր Հովհաննեսի, _d1922-2001 _eնկ. _4art _93258 |
|
| 090 | _c119150 | ||
| 999 |
_c117802 _d117802 |
||